La protección al menor en las diversas legislaciones centroamericanas /
Guardat en:
| Autor principal: | |
|---|---|
| Format: | Thesis |
| Publicat: |
San José:
Universidad de Costa Rica
|
| Etiquetes: |
Afegir etiqueta
Sense etiquetes, Sigues el primer a etiquetar aquest registre!
|
MARC
| LEADER | 00000 a a2200000 04500 | ||
|---|---|---|---|
| 001 | 20360 | ||
| 003 | |||
| 040 | |a CRAI/IIS |c CRAI/IIS | ||
| 090 | |a 08486.00 | ||
| 100 | |a Tijerino Pacheco, José María | ||
| 245 | |a La protección al menor en las diversas legislaciones centroamericanas / |c José María Tijerino Pacheco | ||
| 260 | |a San José: |b Universidad de Costa Rica | ||
| 300 | |a 212 páginas | ||
| 502 | |a Tesis (Licenciado en Derecho) -- Universidad de Costa Rica. Facultad de Derecho, 1976 | ||
| 999 | |c 18127 |d 18127 | ||
